<?xml version="1.0" encoding="UTF-8"?>
<collection xmlns="http://www.loc.gov/MARC21/slim">
    <record>
        <controlfield tag="001">74983</controlfield>
        <controlfield tag="005">20200117221611.0</controlfield>
        <datafield tag="024" ind1="7" ind2=" ">
            <subfield code="2">doi</subfield>
            <subfield code="a">10.5477/cis/reis.163.59</subfield>
        </datafield>
        <datafield tag="024" ind1="8" ind2=" ">
            <subfield code="2">sideral</subfield>
            <subfield code="a">107516</subfield>
        </datafield>
        <datafield tag="037" ind1=" " ind2=" ">
            <subfield code="a">ART-2018-107516</subfield>
        </datafield>
        <datafield tag="041" ind1=" " ind2=" ">
            <subfield code="a">spa</subfield>
        </datafield>
        <datafield tag="100" ind1=" " ind2=" ">
            <subfield code="0">(orcid)0000-0001-9319-5895</subfield>
            <subfield code="a">Rivera-Torres, P.</subfield>
            <subfield code="u">Universidad de Zaragoza</subfield>
        </datafield>
        <datafield tag="245" ind1=" " ind2=" ">
            <subfield code="a">Desarrollo del comportamiento proambiental en los individuos y sus determinantes</subfield>
        </datafield>
        <datafield tag="260" ind1=" " ind2=" ">
            <subfield code="c">2018</subfield>
        </datafield>
        <datafield tag="506" ind1="0" ind2=" ">
            <subfield code="a">Access copy available to the general public</subfield>
            <subfield code="f">Unrestricted</subfield>
        </datafield>
        <datafield tag="520" ind1="3" ind2=" ">
            <subfield code="a">Este artículo analiza el comportamiento proambiental en individuos ofreciendo una clasificación del comportamiento según la diversidad/ intensidad de las acciones ambientales emprendidas, y explicando el desarrollo del comportamiento pro-ambiental y algunos de los factores que lo determinan. Mediante análisis cluster y modelos de ecuaciones estructurales, aplicado al Estudio 2837 del CIS, se obtiene una clasificación en cinco grupos de individuos que pone de manifiesto cómo se desarrolla el comportamiento pro-ambiental, desde niveles con poca intensidad en acciones medioambientales muy concretas (como el reciclado) hasta niveles de mayor implicación proambiental en un buen número de acciones proambientales.

The aim of this study is to learn more about pro-environmental conduct in individuals, providing classification in levels of conduct according to diversity/intensity of environmental actions, showing how proenvironmental conduct develops in people and identifying the factors that determine such conduct. The application of cluster analysis and structural equation models to CIS Study 2837 classifies individuals with different degrees of environmental involvement into five groups, showing how pro-environmental conduct develops in people, from specific activities (such as recycling) performed with reduced intensity to greater and more intense pro-environmental involvement.</subfield>
        </datafield>
        <datafield tag="536" ind1=" " ind2=" ">
            <subfield code="9">info:eu-repo/grantAgreement/ES/DGA/CREVALOR</subfield>
            <subfield code="9">info:eu-repo/grantAgreement/ES/MINECO/ECO2013-48496-C4-3-R</subfield>
            <subfield code="9">info:eu-repo/grantAgreement/ES/MINECO/ECO2016-77843-P</subfield>
            <subfield code="9">info:eu-repo/grantAgreement/ES/MINECO/ECO2017-86305-C4-3-R</subfield>
        </datafield>
        <datafield tag="540" ind1=" " ind2=" ">
            <subfield code="9">info:eu-repo/semantics/openAccess</subfield>
            <subfield code="a">by-nc-nd</subfield>
            <subfield code="u">http://creativecommons.org/licenses/by-nc-nd/3.0/es/</subfield>
        </datafield>
        <datafield tag="590" ind1=" " ind2=" ">
            <subfield code="a">0.859</subfield>
            <subfield code="b">2018</subfield>
        </datafield>
        <datafield tag="591" ind1=" " ind2=" ">
            <subfield code="a">SOCIOLOGY</subfield>
            <subfield code="b">108 / 148 = 0.73</subfield>
            <subfield code="c">2018</subfield>
            <subfield code="d">Q3</subfield>
            <subfield code="e">T3</subfield>
        </datafield>
        <datafield tag="592" ind1=" " ind2=" ">
            <subfield code="a">0.469</subfield>
            <subfield code="b">2018</subfield>
        </datafield>
        <datafield tag="593" ind1=" " ind2=" ">
            <subfield code="a">Sociology and Political Science</subfield>
            <subfield code="c">2018</subfield>
            <subfield code="d">Q2</subfield>
        </datafield>
        <datafield tag="655" ind1=" " ind2="4">
            <subfield code="a">info:eu-repo/semantics/article</subfield>
            <subfield code="v">info:eu-repo/semantics/publishedVersion</subfield>
        </datafield>
        <datafield tag="700" ind1=" " ind2=" ">
            <subfield code="0">(orcid)0000-0003-4045-5918</subfield>
            <subfield code="a">Garcés-Ayerbe, C.</subfield>
            <subfield code="u">Universidad de Zaragoza</subfield>
        </datafield>
        <datafield tag="710" ind1="2" ind2=" ">
            <subfield code="1">4012</subfield>
            <subfield code="2">650</subfield>
            <subfield code="a">Universidad de Zaragoza</subfield>
            <subfield code="b">Dpto. Direcc.Organiza.Empresas</subfield>
            <subfield code="c">Área Organización de Empresas</subfield>
        </datafield>
        <datafield tag="710" ind1="2" ind2=" ">
            <subfield code="1">4011</subfield>
            <subfield code="2">095</subfield>
            <subfield code="a">Universidad de Zaragoza</subfield>
            <subfield code="b">Dpto. Direc.Mark.Inves.Mercad.</subfield>
            <subfield code="c">Área Comerci.Investig.Mercados</subfield>
        </datafield>
        <datafield tag="773" ind1=" " ind2=" ">
            <subfield code="g">163 (2018), 59-78</subfield>
            <subfield code="p">Rev. esp. invest. sociol.</subfield>
            <subfield code="t">REVISTA ESPANOLA DE INVESTIGACIONES SOCIOLOGICAS</subfield>
            <subfield code="x">0210-5233</subfield>
        </datafield>
        <datafield tag="856" ind1="4" ind2=" ">
            <subfield code="s">572807</subfield>
            <subfield code="u">http://zaguan.unizar.es/record/74983/files/texto_completo.pdf</subfield>
            <subfield code="y">Versión publicada</subfield>
        </datafield>
        <datafield tag="856" ind1="4" ind2=" ">
            <subfield code="s">62470</subfield>
            <subfield code="u">http://zaguan.unizar.es/record/74983/files/texto_completo.jpg?subformat=icon</subfield>
            <subfield code="x">icon</subfield>
            <subfield code="y">Versión publicada</subfield>
        </datafield>
        <datafield tag="909" ind1="C" ind2="O">
            <subfield code="o">oai:zaguan.unizar.es:74983</subfield>
            <subfield code="p">articulos</subfield>
            <subfield code="p">driver</subfield>
        </datafield>
        <datafield tag="951" ind1=" " ind2=" ">
            <subfield code="a">2020-01-17-21:48:44</subfield>
        </datafield>
        <datafield tag="980" ind1=" " ind2=" ">
            <subfield code="a">ARTICLE</subfield>
        </datafield>
    </record>

    
</collection>